Estado del Ambiente en Nicaragua 2003
| Main Author: | |
|---|---|
| Format: | Section = Libro |
| Language: | Undetermined Spanish |
| Published: |
Nicaragua
MARENA
2004
|
| Subjects: |
| LEADER | 00719nam a2200253Ia 4500 | ||
|---|---|---|---|
| 008 | 240830s9999 xx 000 0 und d | ||
| 040 | |a B-ESTELÍ- RUACS / Ref 333.7 N583 | ||
| 041 | |a spa | ||
| 082 | |a Ref 333.7 N583 | ||
| 100 | 1 | |a Nicaragua | |
| 245 | 1 | 0 | |a Estado del Ambiente en Nicaragua 2003 |
| 260 | |a Nicaragua |b MARENA |c 2004 | ||
| 300 | |a 102 p. | ||
| 650 | 7 | |a MEDIO AMBIENTE - NICARAGUA | |
| 650 | 7 | |b PROBLEMATICA AMBIENTAL - NICARAGUA | |
| 650 | 7 | |c PROBLEMATICA AMBIENTAL - NICARAGUA | |
| 650 | 7 | |d CALIDAD AMBIENTAL | |
| 650 | 7 | |e BIODIVERSIDAD | |
| 650 | 7 | |f TURISMO | |
| 650 | 7 | |g GESTION AMBIENTAL - POBREZA | |
| 650 | 7 | |h SUELO Y USO DE LA TIERRA | |
| 942 | |c BK |2 ddc | ||
| 991 | |a TEXTO | ||
| 999 | |c 11716 | ||